00465nam a2200169Ia 450000500170000000800410001702000150005808200150007310000210008824500400010926000060014930000130015565000090016894200060017795200970018399900150028020240506020937.0240331s9999 xx 000 0 und d a3928112635 bHEIa331.6 aHeidemann, Frank 0aKanganies in Sri Lanka and Malaysia a  a110 p ., aLaws cL 001040708LaWERCLbWERCLcSSCd2024-03-31l0o 331.6 HEIp5071r2024-03-31w2024-03-31yL c2695d2695